000 00686nam a2200229Ia 4500
003 OSt
005 20221006163857.0
006 a|||||r|||| 00| 0
007 ta
008 221006b |||||||| |||| 00| 0 eng d
024 _a6,849
037 _cTextual
040 _aFML
_cFML
_beng
041 _2eng
_aeng
082 _aan494, 12, N7, L4
100 _aAssocian Of Indian Universities Ed.
_9676077
245 0 _aBibliography Of Doctoral Dissertations
260 _aNew Delhi
_bAssociation Of Indian Universities India
_c1999
300 _a97
_ccm.
942 _han494, 12, N7, L4
_cTEXL
_2CC
999 _c1115601
_d1115601